000
00256nam a2200097Ia 4500
001
711580
005
20250826162810.0
008
250824s9999 xx 000 0 und d
245
0
_a
GÜN EKSİLMESİN PENCEREMDEN
_c
CAHİT SITKI TARANCI
260
_b
CAN YAYINLARI
999
_c
711580
_d
711580